MARC

LEADER 00000nam0a2200000 4500
001 59298
005 20231101211812.0
010 |a 5938883326 
035 |a (RuTPU)RU\TPU\book\62673 
090 |a 59298 
100 |a 20031224d2003 km y0rusy50 ca 
101 0 |a rus 
102 |a RU 
105 |a a g 001zy 
200 1 |a Промышленное газовое оборудование  |e Справочник  |f Под ред. Е. А. Карякина 
205 |a 3-е изд., перераб. и доп. 
210 |a Саратов  |c Газовик  |d 2003 
215 |a 624 с.  |c ил. 
320 |a Алфавитный указатель терминов: с. 611-613 
606 |a Газовое оборудование  |2 stltpush  |3 (RuTPU)RU\TPU\subj\4614  |9 32864 
610 1 |a газовое хозяйство 
610 1 |a трубопроводная арматура 
610 1 |a трубопроводы 
610 1 |a газ 
610 1 |a давление 
610 1 |a регуляторы 
610 1 |a газовые фильтры 
610 1 |a предохранительные клапаны 
610 1 |a газоанализаторы 
610 1 |a газорегуляторы 
610 1 |a расход 
610 1 |a учет 
610 1 |a автоматизированные системы управления 
610 1 |a АСУ 
610 1 |a справочники 
675 |a 696.2.002.5(035)  |v 3 
702 1 |a Карякин  |b Е. А.  |g Евгений Александрович  |4 340 
801 1 |a RU  |b 63413507  |c 20031224  |g PSBO 
801 2 |a RU  |b 63413507  |c 20201110  |g PSBO 
942 |c BK